| 000 | 00467nam a22001217a 4500 | ||
|---|---|---|---|
| 999 |
_c18740 _d18740 |
||
| 008 | 210205b xxu||||| |||| 00| 0 eng d | ||
| 050 |
_aGMB0132 _b.K35 2016 c.1 |
||
| 100 | _aKaiyoni, Marrion Oledama | ||
| 245 |
_aEffect of business process outsourcing as a strategic tool on financial performance of selected firms in Nakuru county _cMarrion Oledama Kaiyoni |
||
| 260 |
_aKabarak, Nakuru, Kenya _bKabarak University _c2016 |
||
| 300 | _a75 leaves | ||
| 942 |
_2lcc _cTHE |
||